000 00723nam a2200253Ia 4500
003 OSt
005 20220928131200.0
006 a|||||r|||| 00| 0
007 ta
008 220927b |||||||| |||| 00| 0 eng d
024 _a40695
037 _cTextual
040 _aSDCL
_cSDCL
_beng
041 _2eng
_aeng
082 _aG9X1, P9
100 _aSrivastava Alok Ed.
_9477301
245 0 _aBio-nano-geo sciences
_b The future challenge.
260 _aNew Delhi
_bAne Books
_c2009
300 _axxiv,229p.
_ccm.
650 _aBio-Nano-Geo Sciences
_9477302
700 _a Roy Ipsita Ed.
_9477303
942 _hG9X1, P9
_cTEXL
_2CC
999 _c789806
_d789806